• 首页
  • 本馆介绍
  • 公告通知
  • 最新文献
  • 馆藏检索
  • 电子资源
  • 读者导购
  • 参考咨询
  • 我的图书馆
  • 登录
  • 详细信息显示
  • 放入我的书架
  • 预约/预借图书
  • 作者相关作品
  • 分类相关作品
  • 丛书相关作品
  • 出版社相关作品

书目信息

  • 表格格式
  • 工作单格式
  • 卡片格式
题名:
常见野果200种
    
 
作者: 吴健梅 编著
分册:  
出版信息: 重庆   重庆大学出版社  2016
页数: 205页
开本: 19cm
丛书名:
单 册:
中图分类: S759.83
科图分类:
主题词: 野果--ye guo--普及读物
电子资源:
ISBN: 978-7-5624-9526-0
000 00865nam0 22002531 450
001 0122100618
005 20170322105413.07
010    @a978-7-5624-9526-0@dCNY34.80
100    @a20160707d2016 em y0chiy50 ea
101 0  @achi
102    @aCN@b500000
105    @aa z 000yy
106    @ar
200 1  @a常见野果200种@9chang jian ye guo 200zhong@f吴健梅编著
210    @a重庆@c重庆大学出版社@d2016
215    @a205页@c彩照@d19cm
312    @a封面英文题名:200 species of natural fruits
330    @a本书收录200种野生果实,根据它们的用途分类为可食用类、观赏类和药用类。全面介绍了这些野果的形态特征、分布概况、生长环境和特点。
510 1  @a200 species of natural fruits@zeng
606 0  @a野果@9ye guo@j普及读物
690    @aS759.83@v5
701  0 @a吴健梅@9wu jian mei@c(女)@4编著
801  0 @aCN@bTANGWEI@c20170308
905    @b0958206-9@dS759.83@e95@f4
    
    常见野果200种/吴健梅编著.-重庆:重庆大学出版社,2016
    205页:彩照;19cm
    
    
    ISBN 978-7-5624-9526-0:CNY34.80
    本书收录200种野生果实,根据它们的用途分类为可食用类、观赏类和药用类。全面介绍了这些野果的形态特征、分布概况、生长环境和特点。
●
相关链接 在E读中查询图书 在五车中查询图书 在当当中查询图书 在豆瓣中查询图书


正题名:常见野果200种     索取号:S759.83/95         预约/预借

序号 登录号 条形码 馆藏地/架位号 状态 备注
1 0958206   209582067   第二样本阅览室/ [索取号:S759.83/95] 在馆    
2 0958207   209582076   第三借阅区/ [索取号:S759.83/95] 在馆    
3 0958208   209582085   第三借阅区/ [索取号:S759.83/95] 在馆    
4 0958209   209582094   第三借阅区/ [索取号:S759.83/95] 在馆    
唐山师范学院图书馆 欢迎您!
大连网信软件有限公司© 版权所有